[Event "Torino Province-ch"]
[Site "Torino"]
[Date "2016.03.08"]
[Round "7"]
[White "Gussone, Claudio"]
[Black "Saponaro, Elisa"]
[Result "1-0"]
[WhiteElo "1752"]
[BlackElo "1609"]
[PlyCount "37"]
[EventDate "2016.01.26"]
[EventType "swiss"]
[EventRounds "7"]
[EventCountry "ITA"]
[SourceTitle "EXT 2018"]
[Source "ChessBase"]
[SourceDate "2017.10.13"]
[SourceVersion "1"]
[SourceVersionDate "2017.10.13"]
[SourceQuality "1"]

1. d4 d5 2. Nf3 Nf6 3. g3 e6 4. Bg2 Bd6 5. c4 c6 6. cxd5 cxd5 7. 0-0 0-0 8. Nc3 Nbd7 9. Nb5 Be7 10. Bf4 Nh5 11. Bc7 Qe8 12. Nd6 Bxd6 13. Bxd6 b6 14. Rc1 Bb7 15. Rc7 Ba6 16. Qc2 Rc8 17. Rc1 Nhf6 18. e3 Ne4 19. Bxf8 1-0

[Event "Torino Province-ch"]
[Site "Torino"]
[Date "2016.02.16"]
[Round "4"]
[White "Liviabella, Lucio"]
[Black "Saponaro, Elisa"]
[Result "0-1"]
[WhiteElo "1581"]
[BlackElo "1609"]
[PlyCount "68"]
[EventDate "2016.01.26"]
[EventType "swiss"]
[EventRounds "7"]
[EventCountry "ITA"]
[SourceTitle "EXT 2018"]
[Source "ChessBase"]
[SourceDate "2017.10.13"]
[SourceVersion "1"]
[SourceVersionDate "2017.10.13"]
[SourceQuality "1"]

1. e4 c6 2. Bc4 d5 3. exd5 cxd5 4. Bb3 e5 5. Qe2 Nc6 6. a3 Nf6 7. d3 h6 8. Nc3 Be6 9. Nf3 Bd6 10. Nb5 Qa5+ 11. Nc3 0-0 12. Bd2 Rac8 13. Ne4 Qd8 14. Nxd6 Qxd6 15. Ba4 a5 16. Bxc6 Rxc6 17. Bxa5 Re8 18. Bb4 Qb8 19. 0-0 Bf5 20. h3 Bh7 21. Rac1 e4 22. dxe4 Bxe4 23. Qd1 Nh5 24. Nd4 Rg6 25. g4 Nf4 26. f3 Nxh3+ 27. Kh1 Qg3 28. Qd2 Rxg4 29. fxe4 Rexe4 30. Nf5 Qe5 31. Bd6 Qe6 32. Qh2 Ng5 33. Bg3 Re2 34. Qh5 Qe4+ 0-1